| LEADER 00000nam 2200000uu 4500 |
| 001 212650 |
| 003 ULIBM |
| 008 020711s2554 th a 000 0 tha d |
| 020 9789744226389
|
| 041 ^atha^beng
|
| 060 4 W15 ก153 2554
|
| 245 การวัดผลทางสุขภาพและความพิการ :^bเกณฑ์การประเมินความพิการขององค์การอนามัยโลก ฉบับ 2.0/^cบรรณาธิการ, TB Ustun, N Kostanjsek, S Chatterju, J Rehm
|
| 246 31 ^aWHODAS 2.0
|
| 260 กรุงเทพฯ :^bองค์การอนามัยโลก,^c2554
|
| 300 viii,126 หน้า :^bภาพประกอบ ;^c27 ซม.
|
| 650 4 ^aการประเมินความพิการ
|
| 650 4 ^aภาวะสุขภาพ
|
| 650 4 ^aการพัฒนาบุคลากร
|
| 650 4 ^aการจำแนก
|
| 700 0 ^aN Kostanjsek, TB Ustun,^eed.
|
| 700 0 ^aJ Rehm, S Chatterju,^eed.
|
| 710 2 ^aองค์การอนามัยโลก
|
| 999 ^aใช้งานได้ทุกระบบ
|